Návratnosť investícií ako indikátor efektivity marketingových aktivít
Marketing by mal byť zodpovedný za riadenie marketingových zdrojov a procesov za účelom dosiahnuť návratnosť investícií do marketingu a zvýšiť celkovú efektívnosť marketingu. To znamená, že spoločnosť potrebuje merať a finančne vyhodnotiť svoju výkonnosť prostredníctvom vhodne zvolených ukazovateľov...
Gespeichert in:
| 1. Verfasser: | |
|---|---|
| Weitere Verfasser: | |
| Format: | Buchkapitel |
| Sprache: | Slowakisch |
| Schlagworte: | |
| Tags: |
Keine Tags, Fügen Sie das erste Tag hinzu!
|
MARC
| LEADER | 00000naa$a2200000$$$4500 | ||
|---|---|---|---|
| 001 | 0250205 | ||
| 005 | 20240502074016.5 | ||
| 041 | 0 | |a slo | |
| 044 | |a SK | ||
| 245 | 1 | 0 | |a Návratnosť investícií ako indikátor efektivity marketingových aktivít |c Katarína Grančičová, Dana Hrušovská |
| 520 | |a Marketing by mal byť zodpovedný za riadenie marketingových zdrojov a procesov za účelom dosiahnuť návratnosť investícií do marketingu a zvýšiť celkovú efektívnosť marketingu. To znamená, že spoločnosť potrebuje merať a finančne vyhodnotiť svoju výkonnosť prostredníctvom vhodne zvolených ukazovateľov / metrík. | ||
| 610 | 2 | 0 | |a marketing |
| 610 | 2 | 0 | |a investície |
| 610 | 2 | 0 | |a zisk |
| 610 | 2 | 0 | |a zisk ekonomický |
| 610 | 2 | 0 | |a efektívnosť |
| 610 | 2 | 0 | |a efektívnosť investícií ekonomická |
| 610 | 2 | 0 | |a ukazovatele efektívnosti |
| 100 | 1 | |a Grančičová, Katarína, 1967- | |
| 700 | 1 | |a Hrušovská, Dana, 1964- | |